Loading...
| Current Events | 5 | 22.00 | 100% | 80% | 40% |
| Fine Arts - Classical Music | 7 | 8.57 | 57% | 29% | 0% |
| Fine Arts - Other | 8 | 10.00 | 63% | 38% | 0% |
| Fine Arts - Painting & Sculpture | 11 | 17.27 | 100% | 46% | 27% |
| Geography | 7 | 25.71 | 100% | 100% | 57% |
| History - American | 9 | 23.33 | 100% | 89% | 44% |
| History - European | 5 | 16.00 | 80% | 80% | 0% |
| History - Other | 12 | 16.67 | 92% | 58% | 17% |
| History - World | 8 | 18.75 | 100% | 75% | 13% |
| Literature - American | 5 | 16.00 | 100% | 60% | 0% |
| Literature - British | 9 | 11.11 | 89% | 11% | 11% |
| Literature - European | 7 | 20.00 | 100% | 71% | 29% |
| Literature - World | 10 | 18.00 | 100% | 80% | 0% |
| Mythology | 3 | 13.33 | 67% | 67% | 0% |
| Other Academic | 4 | 15.00 | 100% | 50% | 0% |
| Philosophy | 9 | 15.56 | 89% | 56% | 11% |
| Religion | 6 | 21.67 | 100% | 67% | 50% |
| Science - Biology | 6 | 11.67 | 83% | 0% | 33% |
| Science - Chemistry | 10 | 13.00 | 90% | 40% | 0% |
| Science - Other | 13 | 18.46 | 92% | 77% | 15% |
| Science - Physics | 8 | 22.50 | 88% | 100% | 38% |
| Social Science | 11 | 14.55 | 100% | 36% | 9% |